Kochirajyavum sahithyavum (vol.1)/ (Record no. 182037)

000 -LEADER
fixed length control field 00481nam a2200181 4500
020 ## - INTERNATIONAL STANDARD BOOK NUMBER
ISBN 9789348164858
082 ## - DEWEY DECIMAL CLASSIFICATION NUMBER
Classification number M080 007
Item number SAD/K.1
100 ## - MAIN ENTRY--AUTHOR NAME
Personal name Sadasivan K
245 ## - TITLE STATEMENT
Title Kochirajyavum sahithyavum (vol.1)/
Statement of responsibility, etc by Sadasivan K
260 ## - PUBLICATION, DISTRIBUTION, ETC. (IMPRINT)
Place of publication S.L.:
Name of publisher K Sadasivan,
Year of publication 2025.
300 ## - PHYSICAL DESCRIPTION
Number of Pages 879p.
650 ## - SUBJECT ADDED ENTRY--TOPICAL TERM
Topical Term Literature Kochi Study
650 ## - SUBJECT ADDED ENTRY--TOPICAL TERM
Topical Term Literature Kochi
650 ## - SUBJECT ADDED ENTRY--TOPICAL TERM
Topical Term Literature Malayalam Study
650 ## - SUBJECT ADDED ENTRY--TOPICAL TERM
Topical Term Literature Malayalam
650 ## - SUBJECT ADDED ENTRY--TOPICAL TERM
Topical Term Literature
942 ## - ADDED ENTRY ELEMENTS (KOHA)
Koha item type Book
Holdings
Withdrawn status Lost status Damaged status Not for loan Permanent Location Current Location Shelving location Date acquired Cost, normal purchase price Full call number Accession Number Price effective from Koha item type
        Sree Sankaracharya University of Sanskrit Sree Sankaracharya University of Sanskrit Reference 04.06.2026 1300.00 R M080 007 SAD/K.1 109131 04.06.2026 Book